000 00655nam a2200229Ia 4500
999 _c2704
_d2704
007 ta
008 230329t2023||||ii a ||gd|||||||1 ||eng||
020 _a9789389423426
_cRs. 450.00
040 _aKO
_beng
041 0 _aeng
044 _aii
082 0 4 _223
_a005.74
_bM7255
100 1 _aMohanty, Debajani
245 1 0 _aBlockchain from concept to execution
_b: with 10 blockchains, 3 DLTs, 182 MCQs, 70 diagrams & many sample codes /
_cDebajani Mohanty
250 _a2nd rev. ed.
260 _aNew Delhi:
_bBPB Publications,
_c2023
300 _axx, 335 p. :
_bill. ;
_c23 cm.
650 0 _aBlockchain
904 _aA_BOSE
942 _cBK